|
|
|
|
| LEADER |
01080nam a2200277 4500 |
| 001 |
39578 |
| 003 |
BD-DhAAL |
| 008 |
220927t1974 nyua b 001 0 eng d |
| 999 |
|
|
|c 44924
|d 44924
|
| 010 |
|
|
|a 73022650
|
| 020 |
|
|
|a 0060436174
|
| 040 |
|
|
|a DLC
|c DLC
|d DLC
|d BD-DhAAL
|
| 050 |
0 |
0 |
|a HB139
|b .K44
|
| 082 |
0 |
0 |
|a 330.018
|
| 100 |
1 |
|
|a Kelejian, Harry H.
|9 51665
|
| 245 |
1 |
0 |
|a Introduction to econometrics;
|b principles and applications
|c Harry H. Kelejian and Wallace E. Oates.
|
| 260 |
|
|
|a New York,
|b Harper & Row
|c c1974.
|
| 300 |
|
|
|a xi, 300 pages :
|b illustrations ;
|c 24 cm.
|
| 504 |
|
|
|a Includes bibliographical references (page 269) and index.
|
| 541 |
|
|
|a Donated By Akbar Ali Khan
|e 39578
|
| 650 |
|
0 |
|a Econometrics.
|9 51666
|
| 650 |
|
0 |
|a Economics.
|9 51667
|
| 700 |
1 |
|
|a Oates, Wallace E.,
|e joint author.
|9 51668
|
| 852 |
|
|
|a Ayesha Abed Library
|c Akbar Ali Khan Collection
|
| 942 |
|
|
|2 ddc
|c BK
|
| 952 |
|
|
|0 0
|1 0
|2 ddc
|4 0
|6 330_018000000000000_KEL
|7 1
|9 71895
|a BRACUL
|b BRACUL
|c AAKC
|d 2022-09-27
|e Donated by Akbar Ali Khan
|l 0
|o 330.018 KEL
|p 3010039578
|r 2022-09-27
|t 1
|w 2022-09-27
|y BK
|